Úvod do Feynmanových diagramov Metódy teoretickej fyziky

Bibliographic Details
Main Author: Pišút, Ján, 1939-2018 (Author)
Format: Book
Language:Slovak
PhysicalDescription:148 s. sch. 29 cm
Published: Bratislava Univerzita Komenského 1984
Edition:1. vyd.
Series:Vysokoškolské skriptá
Subjects:

MARC

LEADER 00000cam a2200000 a 4500
001 vtls001119250
003 SK-MaSNL
005 20260301094530.0
008 240513s1984 xo l f np 00000 slo
015 |a SNBA1984/08 
035 |a SNK000062093 
040 |a SNK  |b slo  |c SNK  |e AACR2 
041 0 |a slo 
044 |a xo  |c SK 
080 |a 530.145(075.8)  |2 1981 
100 1 |a Pišút, Ján,  |d 1939-2018  |4 aut  |9 209058 
245 1 0 |a Úvod do Feynmanových diagramov  |b Metódy teoretickej fyziky  |c Ján Pišút 
250 |a 1. vyd. 
260 |a Bratislava  |b Univerzita Komenského  |c 1984  |e Bratislava  |f Polygrafické stredisko UK 
300 |a 148 s.  |b sch.  |c 29 cm 
366 |e 120 kusov 
490 1 |a Vysokoškolské skriptá 
650 0 7 |a teoretická fyzika  |2 SNKPH  |9 67298 
650 0 7 |a Feynmanove diagramy  |2 SNKPH  |9 428465 
655 7 |a učebnice vysokých škôl  |2 SNKPH  |9 70191 
655 7 |a Textbooks (higher)  |2 SNKPHeng  |9 276436 
830 0 |a Vysokoškolské skriptá  |9 276440 
852 |a Slovenská národná knižnica 
954 |a odborná, vedecká literatúra pôvodná (slovenská)  |2 lita 
958 |a OND 
958 |a RM 
958 |a UV 
999 |c 680552  |d 682482 
952 |a SNK  |b SNK  |y PREZ  |7 0  |p 17A0772277  |o snkSB 37974  |0 0  |1 0  |4 0  |d 2012-05-09  |f 1  |l 0  |r 2025-04-22 00:00:00  |w 2026-02-23 
952 |t P60, <04>, [BOOK], {604}  |a SNK  |b SNK  |y VYP  |7 0  |p 17A0206437  |o snkSB 37974 D1  |0 0  |1 0  |4 0  |d 1999-08-20  |l 0  |r 2004-12-31 00:00:00  |w 2026-02-23